| 000 | 00520nam a2200181Ia 4500 | ||
|---|---|---|---|
| 003 | OSt | ||
| 005 | 20250208121530.0 | ||
| 008 | 210210b1939 xxu||||| |||| 00| 0 eng d | ||
| 040 | _cAL | ||
| 041 | _akan | ||
| 082 | _a853/410 | ||
| 100 |
_aVINAYAKA KRASHNA GOKAKA _9161843 _dವಿನಾಯಕ ಕೃಷ್ಣ ಗೋಕಾಕ |
||
| 245 |
_aJana nayaka: _bಜನನಾಯಕ |
||
| 260 |
_aDharavada _bManohara Grantha Prakashana Samiti _c1939 |
||
| 690 |
_aKannada Drama _9161844 |
||
| 906 | _a019685 | ||
| 942 |
_2ddc _cBK |
||
| 999 |
_c143826 _d143826 |
||